Globalization and the harmonization of law (Record no. 14518)

MARC details
000 -LEADER
fixed length control field 00383nam a2200145Ia 4500
082 ## - DEWEY DECIMAL CLASSIFICATION NUMBER
Classification number 341.753 WIE-G
100 ## - MAIN ENTRY--AUTHOR NAME
Personal name Wiener, Jarrod
245 #0 - TITLE STATEMENT
Title Globalization and the harmonization of law
260 ## - PUBLICATION, DISTRIBUTION, ETC. (IMPRINT)
Place of publication London
Name of publisher Pinter
Year of publication 1999
300 ## - PHYSICAL DESCRIPTION
Number of Pages xiii, 220
504 ## - BIBLIOGRAPHY, ETC. NOTE
Bibliography, etc includes bibliography and index
650 ## - SUBJECT ADDED ENTRY--TOPICAL TERM
Topical Term Law
Form subdivision International unification
650 ## - SUBJECT ADDED ENTRY--TOPICAL TERM
Topical Term Commercial law
942 ## - ADDED ENTRY ELEMENTS (KOHA)
Koha item type Books
Holdings
Withdrawn status Lost status Damaged status Not for loan Collection code Home library Current library Date acquired Bill Date Full call number Accession Number Price effective from Koha item type
        Docas Books NASSDOC Library NASSDOC Library 23/09/2016 2004-10-22 341.753 WIE-G D000986 18/04/2019 Books